000 00728nam a2200241Ia 4500
003 OSt
005 20220926000528.0
006 a|||||r|||| 00| 0
007 ta
008 220923b |||||||| |||| 00| 0 eng d
037 _cGeneral Book
040 _aRTL
_cRTL
_beng
041 _2eng
_aeng
082 _aX9(J):8b4, J7
100 _aSingh Arjan
_9275355
245 0 _aFarm management
_b Extension and research
260 _a New Delhi
_bIndian Council of Agriculture Research India
_c1957
300 _a24p.
_ccm.
490 _aIndian Council of Agriculture Research review series.22
650 _aManagement
_930681
942 _hX9(J):8b4, J7
_cGB
_2CC
999 _c599225
_d599225